000
00206 a2200097 4500
001
44513
100
_a
Borgstrom
245
_a
The Hunger Planet
260
_a
New York
_b
Macmillan
_c
090
_c
28231
_d
28231
942
_a
NUST-CAE
_c
M
_c
20260
999
_c
279586
_d
279586